Ravel

Zapisane w:
Opis bibliograficzny
1. autor: Petit, Pierre (Autor)
Format: Książka
Język:hiszpański
Wydane: Madrid Espasa-Calpe 1975
Seria:Classiques Hachette de la Musique
Hasła przedmiotowe:
Etykiety: Dodaj etykietę
Nie ma etykietki, Dołącz pierwszą etykiete!

MARC

LEADER 00000nam a2200000 a 4500
001 UCN2183
003 CL-VaPUC
008 010511e19750000SP |||||||||||||||||spa|d
082 0 4 |a 780.92  |b PET  |2 21 
100 0 |a Petit, Pierre  |e author  |9 457876 
245 1 0 |a Ravel 
300 |a 126 p 
942 |c BK 
945 |d 20010511 00:00:00  |a crobeson 
260 |a Madrid  |b Espasa-Calpe  |c 1975 
600 0 7 |a RAVEL, MAURICE  |2 CL-VaPUC  |9 457877 
650 0 |a Compositores franceses  |9 328980 
650 0 |a Música, siglo 20  |9 324961 
583 |a last modification  |c 20010511 00:00:00  |k Rodrigo Vera 
490 0 |a Classiques Hachette de la Musique 
999 |c 295341  |d 295339 
952 |0 0  |1 0  |4 0  |6 780_920000000000000_PET_1975  |7 0  |8 A  |9 348324  |a BIBEDU  |b BIBEDU  |d 2019-11-20  |i 1181947  |o 780.92 PET 1975  |p 1181947  |r 2023-01-12  |w 2019-11-20  |y BK  |k MUS